Nghiên cứu thử nghiệm xử lý nước thải chăn nuôi theo quy trình hầm ủ Biogas - Bèo tấm (Lemnoideae) - Lúa - Bắp (Luận án Thạc sĩ chuyên ngành Quản lý Môi trường)

Nghiên cứu khả năng xử lý nước thải của bèo tấm, đánh giá hiệu quả của việc tận dụng chất thải lỏng và bùn thải từ hầm ủ biogas sau xử lý để làm phân bón cho cây trồng thông qua các thí nghiệm trên lúa, bắp....

Cijeli opis

Spremljeno u:
Bibliografski detalji
Glavni autor: Nguyễn, Hồng Nhật
Format: Knjiga
Jezik:Undetermined
Izdano: Cần Thơ Trường Đại học Cần Thơ 2011
Teme:
Oznake: Dodaj oznaku
Bez oznaka, Budi prvi tko označuje ovaj zapis!
Thư viện lưu trữ: Trung tâm Học liệu Trường Đại học Cần Thơ
LEADER 01192nam a2200229Ia 4500
001 CTU_172985
008 210402s9999 xx 000 0 und d
082 |a 636.0838 
082 |b Nh124 
088 |a 60850101 
100 |a Nguyễn, Hồng Nhật 
245 0 |a Nghiên cứu thử nghiệm xử lý nước thải chăn nuôi theo quy trình hầm ủ Biogas - Bèo tấm (Lemnoideae) - Lúa - Bắp 
245 0 |b (Luận án Thạc sĩ chuyên ngành Quản lý Môi trường) 
245 0 |c Nguyễn Hồng Nhật 
260 |a Cần Thơ 
260 |b Trường Đại học Cần Thơ 
260 |c 2011 
520 |a Nghiên cứu khả năng xử lý nước thải của bèo tấm, đánh giá hiệu quả của việc tận dụng chất thải lỏng và bùn thải từ hầm ủ biogas sau xử lý để làm phân bón cho cây trồng thông qua các thí nghiệm trên lúa, bắp. 
650 |a Corn,Ngô,Organic fertilizers. 
650 |x Phân bón hữu cơ 
904 |i K.Mi, Hải Ý 
980 |a Trung tâm Học liệu Trường Đại học Cần Thơ